[Event "Junior Online 4NCL Division 5"]
[Site "online"]
[Date "2020.04.30"]
[Round "3.123"]
[White "McAndrew, Rory"]
[Black "Patel, Shailen"]
[Result "1-0"]
[WhiteElo "1397"]
[BlackElo "1060"]
[PlyCount "51"]
[EventDate "2020.04.30"]
[WhiteTeam "Ojays F"]
[BlackTeam "Harrow Juniors F"]

1. e4 c5 2. Nf3 e6 3. Nc3 d6 4. Bc4 Nf6 5. d3 Be7 6. Bf4 O-O 7. Qd2 Nc6 8. Bb5
Bd7 9. d4 Qb6 10. Bxc6 bxc6 11. dxc5 Qxb2 12. Rb1 Qb3 13. axb3 e5 14. cxd6 Bxd6
15. Bxe5 Bxe5 16. Nxe5 c5 17. Nxd7 Nxd7 18. Qxd7 Rad8 19. Qg4 c4 20. bxc4 a5
21. h4 h6 22. Rh3 g6 23. Rg3 h5 24. Qg5 f6 25. Qxg6+ Kh8 26. Qg7# 1-0

[Event "Junior Online 4NCL Division 5"]
[Site "online"]
[Date "2020.04.30"]
[Round "3.124"]
[White "Horwood, Alexander"]
[Black "McAndrew, Max"]
[Result "0-1"]
[WhiteElo "1000"]
[BlackElo "1390"]
[PlyCount "28"]
[EventDate "2020.04.30"]
[WhiteTeam "Harrow Juniors F"]
[BlackTeam "Ojays F"]

1. e4 e5 2. Nf3 Nc6 3. Nc3 Nf6 4. Nxe5 Nxe5 5. Bc4 Nxc4 6. d3 Nd6 7. e5 Qe7 8.
e6 Qxe6+ 9. Kf1 Qf5 10. Be3 Ng4 11. Bc5 b6 12. Bd4 c5 13. Bxc5 bxc5 14. Na4
Qxf2# 0-1

[Event "Junior Online 4NCL Division 5"]
[Site "online"]
[Date "2020.04.30"]
[Round "3.125"]
[White "Patel, Aaron"]
[Black "Li, Reya"]
[Result "0-1"]
[WhiteElo "1000"]
[BlackElo "1427"]
[PlyCount "64"]
[EventDate "2020.04.30"]
[WhiteTeam "Harrow Juniors F"]
[BlackTeam "Ojays F"]

1. e4 e5 2. Nf3 Nc6 3. Bc4 Bc5 4. d3 Nf6 5. c3 d5 6. exd5 Nxd5 7. O-O O-O 8.
Re1 Nb6 9. Nxe5 Nxe5 10. Rxe5 Bxf2+ 11. Kxf2 Qf6+ 12. Qf3 Qxe5 13. Bf4 Qc5+ 14.
Be3 Qc6 15. Qf4 Nxc4 16. dxc4 Be6 17. c5 Rad8 18. Bd4 f6 19. g4 Rd5 20. h4 Kf7
21. g5 Rf5 22. Qxf5 Bxf5 23. Nd2 Bh3 24. Rg1 fxg5 25. hxg5 Kg6+ 26. Ke2 Qe6+
27. Kd3 Bf5+ 28. Ne4 Bxe4+ 29. Kd2 Qxa2 30. Ke3 Re8 31. b4 Bc6+ 32. Kd3 Qe2#
0-1

[Event "Junior Online 4NCL Division 5"]
[Site "online"]
[Date "2020.04.30"]
[Round "3.126"]
[White "Genc, Guven"]
[Black "Pipalia, Ayush"]
[Result "1-0"]
[WhiteElo "1397"]
[BlackElo "1022"]
[PlyCount "45"]
[EventDate "2020.04.30"]
[WhiteTeam "Ojays F"]
[BlackTeam "Harrow Juniors F"]

1. e4 e6 2. d4 d5 3. Nc3 dxe4 4. Nxe4 e5 5. Nf3 exd4 6. Qxd4 Qxd4 7. Nxd4 Bc5
8. Nb3 Bd6 9. Be3 Bf5 10. Nxd6+ cxd6 11. O-O-O Nf6 12. Bb5+ Nc6 13. Bxc6+ bxc6
14. Rxd6 O-O 15. Rxc6 Be4 16. Rc4 Bxg2 17. Rg1 Bd5 18. Rc5 Bxb3 19. axb3 Ne4
20. Rf5 Nf6 21. Bh6 g6 22. Bxf8 Rxf8 23. Rxf6 1-0

[Event "Junior Online 4NCL Division 5"]
[Site "online"]
[Date "2020.04.30"]
[Round "3.127"]
[White "Patel, Shailen"]
[Black "McAndrew, Rory"]
[Result "0-1"]
[WhiteElo "1060"]
[BlackElo "1397"]
[PlyCount "96"]
[EventDate "2020.04.30"]
[WhiteTeam "Harrow Juniors F"]
[BlackTeam "Ojays F"]

1. e4 e5 2. Nf3 Nc6 3. Bc4 Bc5 4. O-O Nf6 5. Nc3 d6 6. d3 Bg4 7. h3 Bh5 8. Bg5
Nd4 9. Re1 Nxf3+ 10. Kh1 Nxe1 11. Qxe1 h6 12. Bh4 g5 13. Bg3 Qd7 14. Bb5 c6 15.
Ba4 Qe6 16. Qd2 Rd8 17. Re1 Kf8 18. Bb3 Qe7 19. d4 exd4 20. Na4 Nxe4 21. Rxe4
Qxe4 22. f3 Qe7 23. Nxc5 dxc5 24. c4 dxc3 25. Qxc3 Rg8 26. Qa5 Bg6 27. Qxa7 b5
28. Qa6 Qf6 29. Qb6 Rc8 30. Qxc5+ Kg7 31. Be5 Qxe5 32. Qxe5+ Kh7 33. a4 bxa4
34. Bxa4 Rge8 35. Qd6 Rcd8 36. Qxc6 Re6 37. Qc7 Rdd6 38. Bb3 Rf6 39. Qd8 Rxd8
40. g3 Kg7 41. h4 gxh4 42. gxh4 Rxf3 43. Ba4 Rd2 44. Bb5 Bd3 45. Bxd3 Rdxd3 46.
b3 Rd2 47. Kg1 Rxb3 48. Kf1 Rb1# 0-1

[Event "Junior Online 4NCL Division 5"]
[Site "online"]
[Date "2020.04.30"]
[Round "3.128"]
[White "McAndrew, Max"]
[Black "Horwood, Alexander"]
[Result "1-0"]
[WhiteElo "1390"]
[BlackElo "1000"]
[PlyCount "63"]
[EventDate "2020.04.30"]
[WhiteTeam "Ojays F"]
[BlackTeam "Harrow Juniors F"]

1. e4 e5 2. Nf3 Nf6 3. Nxe5 Nxe4 4. Qf3 Ng5 5. d3 Nxf3+ 6. Nxf3 Nc6 7. Nc3 Bd6
8. d4 Bb4 9. Bc4 Bxc3+ 10. bxc3 Ne7 11. Ng5 a5 12. Nxf7 O-O 13. Nxd8+ Kh8 14.
Nf7+ Kg8 15. Ng5+ Kh8 16. O-O Rf5 17. Nf7+ Kg8 18. Nh6+ Kf8 19. Nxf5 Nxf5 20.
Ba3+ Ke8 21. Rfe1+ Kd8 22. Bf7 c5 23. Bxc5 Ra6 24. Rab1 Rf6 25. Bb6+ Rxb6 26.
Rxb6 Nh6 27. Bh5 Kc7 28. Rb5 Kc6 29. Rc5+ Kb6 30. Rb1+ Ka7 31. Rxc8 Nf7 32.
Bxf7 1-0

[Event "Junior Online 4NCL Division 5"]
[Site "online"]
[Date "2020.04.30"]
[Round "3.131"]
[White "Bredenoord, Conrad"]
[Black "Atkinson, Matthew"]
[Result "1/2-1/2"]
[WhiteElo "1142"]
[BlackElo "1247"]
[PlyCount "95"]
[EventDate "2020.04.30"]
[WhiteTeam "Long Ditton St Mary's"]
[BlackTeam "SASCA Sharks"]

1. e4 e5 2. Nf3 Nc6 3. Bc4 d6 4. Nc3 Bg4 5. h3 Bxf3 6. Qxf3 Nf6 7. Qe2 Be7 8.
f3 Nh5 9. O-O Ng3 10. Qf2 Nxf1 11. Qxf1 O-O 12. d3 Bh4 13. Be3 Nd4 14. Bxd4
exd4 15. Ne2 c6 16. Nxd4 d5 17. Bb3 dxe4 18. Nf5 exf3 19. Qxf3 Bf6 20. c3 g6
21. Nh6+ Kg7 22. Ng4 h5 23. Nf2 Bh4 24. Ne4 Qb6+ 25. Kh1 Qb5 26. c4 Qf5 27. Qe3
Bf6 28. Kg1 Bxb2 29. Rf1 Qe6 30. c5 f5 31. Bxe6 fxe4 32. Rxf8 Rxf8 33. dxe4 Re8
34. Bd7 Rd8 35. Qb3 Bd4+ 36. Kh1 Rxd7 37. Qe6 Rf7 38. Qd6 Be3 39. Qe5+ Kh7 40.
Qe8 Rf1+ 41. Kh2 Bf4+ 42. g3 Rf2+ 43. Kg1 Be3 44. Kh1 Rf1+ 45. Kg2 Rf2+ 46. Kh1
Rf1+ 47. Kg2 Rf2+ 48. Kh1 1/2-1/2

[Event "Junior Online 4NCL Division 5"]
[Site "online"]
[Date "2020.04.30"]
[Round "3.132"]
[White "Wang, Xiaorui"]
[Black "Sheftel, Sam"]
[Result "1-0"]
[WhiteElo "1030"]
[BlackElo "1075"]
[PlyCount "117"]
[EventDate "2020.04.30"]
[WhiteTeam "SASCA Sharks"]
[BlackTeam "Long Ditton St Mary's"]

1. e4 e5 2. Bc4 Nc6 3. Nc3 Bc5 4. Nf3 d6 5. d3 a6 6. a4 Nf6 7. Bd2 Nd4 8. Nxd4
exd4 9. Nd5 Nxd5 10. Bxd5 c6 11. Bc4 d5 12. exd5 cxd5 13. Bb3 Be6 14. O-O Qf6
15. c3 Qg6 16. Qf3 dxc3 17. bxc3 d4 18. Bxe6 Qxe6 19. c4 Bd6 20. Rfe1 Be5 21.
Bf4 f6 22. Qxb7 O-O 23. Qe4 Rae8 24. Re2 Rf7 25. Rae1 Rfe7 26. g3 g5 27. Bxe5
fxe5 28. f3 Qh3 29. g4 Qh6 30. Kg2 Rb8 31. Kg3 Qh4+ 32. Kg2 Rb6 33. Rf2 Rh6 34.
Kg1 a5 35. Qf5 Rf7 36. Qxe5 Rhf6 37. Qxd4 Rxf3 38. Rxf3 Qxe1+ 39. Kg2 Qe2+ 40.
Qf2 Qe7 41. h3 h6 42. Qg3 Qb7 43. Qf2 Qxf3+ 44. Qxf3 Rxf3 45. Kxf3 Kf7 46. Ke4
Ke6 47. d4 Kd6 48. d5 Kc5 49. Kd3 Kd6 50. Kc3 Kc5 51. Kd3 Kd6 52. Ke4 Kd7 53.
Ke5 Ke7 54. d6+ Ke8 55. Ke6 Kf8 56. Kd7 Kf7 57. Kc7 Ke8 58. d7+ Ke7 59. d8=Q+
1-0

[Event "Junior Online 4NCL Division 5"]
[Site "online"]
[Date "2020.04.30"]
[Round "3.133"]
[White "Holben, Joseph"]
[Black "Harper, Luke"]
[Result "0-1"]
[WhiteElo "1067"]
[BlackElo "1075"]
[PlyCount "68"]
[EventDate "2020.04.30"]
[WhiteTeam "Long Ditton St Mary's"]
[BlackTeam "SASCA Sharks"]

1. d4 d5 2. Nf3 c5 3. dxc5 Nc6 4. Nc3 e6 5. e4 Nf6 6. e5 Ne4 7. Nxe4 dxe4 8.
Qxd8+ Nxd8 9. Nd4 Bxc5 10. Bb5+ Nc6 11. Nxc6 O-O 12. Ne7+ Bxe7 13. O-O a6 14.
Bc4 b5 15. Bb3 Bb7 16. Be3 Rfd8 17. Rad1 a5 18. Rxd8+ Bxd8 19. a4 Bc6 20. axb5
Bxb5 21. Rd1 a4 22. Ba2 Rc8 23. c4 Bc6 24. b4 h5 25. b5 Bb7 26. c5 Bd5 27. Bxd5
exd5 28. b6 a3 29. Rxd5 a2 30. Rd1 Be7 31. b7 Rb8 32. c6 Bd8 33. Rxd8+ Rxd8 34.
c7 Rd1# 0-1

[Event "Junior Online 4NCL Division 5"]
[Site "online"]
[Date "2020.04.30"]
[Round "3.134"]
[White "Pennington, Jonathan"]
[Black "New, Felix"]
[Result "1-0"]
[WhiteElo "1037"]
[BlackElo "1015"]
[PlyCount "99"]
[EventDate "2020.04.30"]
[WhiteTeam "SASCA Sharks"]
[BlackTeam "Long Ditton St Mary's"]

1. d4 d5 2. c4 dxc4 3. Nc3 e6 4. Bf4 Nc6 5. e3 f6 6. Bxc4 e5 7. dxe5 fxe5 8.
Qxd8+ Kxd8 9. Bg5+ Nf6 10. Rd1+ Ke8 11. Bb5 a6 12. Ba4 h6 13. Bxf6 gxf6 14. Nd5
Kd8 15. Nxf6+ Ke7 16. Ne4 b5 17. Bb3 Bf5 18. Ng3 Bg4 19. Rd5 Be6 20. Rd3 Bxb3
21. Rxb3 Na5 22. Rc3 Bg7 23. Nf5+ Kf7 24. Nxg7 Kxg7 25. Rxc7+ Kg6 26. Nf3 Rad8
27. Nxe5+ Kf5 28. Nf7 Rc8 29. Nd6+ Ke6 30. Nxc8 Kd5 31. O-O Rf8 32. Rd1+ Ke4
33. f3+ Kxe3 34. Rc3+ Ke2 35. Rdc1 Kd2 36. R1c2+ Kd1 37. Nd6 Rd8 38. Ne4 Ke1
39. Nf2 Rd2 40. Rxd2 Kxd2 41. Ne4+ Kd1 42. f4 h5 43. f5 h4 44. f6 h3 45. gxh3
b4 46. f7 bxc3 47. f8=Q cxb2 48. Qd8+ Kc1 49. Nc3 Nc6 50. Qd1# 1-0

[Event "Junior Online 4NCL Division 5"]
[Site "online"]
[Date "2020.04.30"]
[Round "3.135"]
[White "Atkinson, Matthew"]
[Black "Bredenoord, Conrad"]
[Result "1-0"]
[WhiteElo "1247"]
[BlackElo "1142"]
[PlyCount "53"]
[EventDate "2020.04.30"]
[WhiteTeam "SASCA Sharks"]
[BlackTeam "Long Ditton St Mary's"]

1. e4 e5 2. Nf3 d6 3. Bc4 h6 4. d4 Nc6 5. dxe5 dxe5 6. Qxd8+ Nxd8 7. Nxe5 f6 8.
Ng6 Rh7 9. Bxg8 f5 10. Bxh7 fxe4 11. Nxf8 Kxf8 12. Bxe4 Bd7 13. Nc3 Nc6 14.
Bxc6 Bxc6 15. O-O Kg8 16. Bf4 Rc8 17. Rfe1 b6 18. Re7 Rf8 19. Rxc7 Rxf4 20.
Rxc6 Rb4 21. b3 Rd4 22. Rc7 Rd2 23. Rxa7 Rxc2 24. Ra8+ Kh7 25. Nd5 Rc6 26. Ra6
Rd6 27. Nxb6 1-0

[Event "Junior Online 4NCL Division 5"]
[Site "online"]
[Date "2020.04.30"]
[Round "3.136"]
[White "Sheftel, Sam"]
[Black "Wang, Xiaorui"]
[Result "0-1"]
[WhiteElo "1075"]
[BlackElo "1030"]
[PlyCount "72"]
[EventDate "2020.04.30"]
[WhiteTeam "Long Ditton St Mary's"]
[BlackTeam "SASCA Sharks"]

1. e4 e5 2. Bc4 Nf6 3. d3 d5 4. Nf3 dxc4 5. Nxe5 Qd4 6. Nf3 Qc5 7. Be3 Qb5 8.
dxc4 Qxb2 9. Bd4 Qb4+ 10. c3 Qxc4 11. Na3 Bxa3 12. Ne5 Qe6 13. Qa4+ Nc6 14.
Qxa3 Nxe5 15. Bxe5 Qxe5 16. O-O Ng4 17. g3 Qxe4 18. f3 Qe3+ 19. Kh1 Nf2+ 20.
Kg2 Bh3+ 21. Kg1 Bxf1 22. Kxf1 Qxf3 23. Re1+ Ne4+ 24. Kg1 Qf2+ 25. Kh1 Qxe1+
26. Kg2 Qf2+ 27. Kh3 Nd6 28. c4 O-O 29. c5 Nb5 30. Qb4 Nd4 31. Qxb7 Ne6 32. c6
Qxa2 33. Qb5 Nd4 34. Qe5 Qe6+ 35. Qxe6 Nxe6 36. g4 Nf4+ 0-1

[Event "Junior Online 4NCL Division 5"]
[Site "online"]
[Date "2020.04.30"]
[Round "3.137"]
[White "Harper, Luke"]
[Black "Holben, Joseph"]
[Result "1-0"]
[WhiteElo "1075"]
[BlackElo "1067"]
[PlyCount "73"]
[EventDate "2020.04.30"]
[WhiteTeam "SASCA Sharks"]
[BlackTeam "Long Ditton St Mary's"]

1. d4 d5 2. c4 Nf6 3. Nc3 dxc4 4. e3 Nc6 5. Bxc4 e6 6. Bd2 Bb4 7. Nge2 Ne4 8.
Nxe4 O-O 9. Bxb4 Nxb4 10. O-O f5 11. a3 Nc6 12. Nc5 Rf6 13. Nf4 Qe8 14. d5 Ne5
15. Ncxe6 Nxc4 16. Nxc7 Qe7 17. Nxa8 Rh6 18. Qc2 Qh4 19. h3 g5 20. Qxc4 gxf4
21. Qxc8+ Kg7 22. Qd7+ Kg6 23. Qe8+ Kg5 24. Qg8+ Rg6 25. Qd8+ Kh5 26. Qxh4+
Kxh4 27. Kh2 f3 28. g3+ Kg5 29. Nc7 Kh6 30. Ne6 Rg8 31. e4 fxe4 32. Rae1 Kg6
33. Nf4+ Kf6 34. Rxe4 Kf5 35. Rfe1 Kf6 36. Re6+ Kg5 37. R1e5# 1-0

[Event "Junior Online 4NCL Division 5"]
[Site "online"]
[Date "2020.04.30"]
[Round "3.138"]
[White "New, Felix"]
[Black "Pennington, Jonathan"]
[Result "0-1"]
[WhiteElo "1015"]
[BlackElo "1037"]
[PlyCount "42"]
[EventDate "2020.04.30"]
[WhiteTeam "Long Ditton St Mary's"]
[BlackTeam "SASCA Sharks"]

1. e4 e5 2. Qh5 Nc6 3. Bc4 g6 4. Qf3 Nf6 5. Qd1 Bc5 6. d3 d6 7. Bg5 Bg4 8. f3
Bxg1 9. Rxg1 Bd7 10. Na3 Nd4 11. Bxf6 Qxf6 12. c3 Ne6 13. Nb5 Bxb5 14. Bxb5+ c6
15. Ba4 b5 16. Bc2 Nc5 17. d4 Na4 18. b3 Nb2 19. Qb1 exd4 20. cxd4 Qxd4 21. Rf1
Qe3# 0-1

[Event "Junior Online 4NCL Division 5"]
[Site "online"]
[Date "2020.04.30"]
[Round "3.141"]
[White "Wang, Nathaniel"]
[Black "Cepoi, Gesneria"]
[Result "0-1"]
[WhiteElo "1202"]
[BlackElo "1075"]
[PlyCount "74"]
[EventDate "2020.04.30"]
[WhiteTeam "Robin Hoods 5"]
[BlackTeam "Uxbridge Juniors Girls"]

1. e4 e5 2. Nf3 d6 3. d4 Nc6 4. Bc4 Nf6 5. Nc3 Be6 6. Bxe6 fxe6 7. O-O exd4 8.
Nxd4 Nxd4 9. Qxd4 e5 10. Qa4+ c6 11. Bg5 Be7 12. Rfe1 O-O 13. Rad1 b5 14. Qb3+
Kh8 15. Re3 h6 16. Bh4 a5 17. a3 a4 18. Qa2 c5 19. Rh3 b4 20. axb4 cxb4 21. Ne2
Kh7 22. Bg5 Nxe4 23. Bxe7 Qxe7 24. Qb1 Rxf2 25. Ng3 Rf4 26. Rf1 Raf8 27. Rxf4
Rxf4 28. Nh5 Qa7+ 29. Kh1 Nf2+ 30. Kg1 Nxh3+ 31. Kh1 Nf2+ 32. Kg1 Ng4+ 33. Kh1
Qf2 34. c3+ g6 35. Ng3 h5 36. h3 Ne3 37. Kh2 Qxg2# 0-1

[Event "Junior Online 4NCL Division 5"]
[Site "online"]
[Date "2020.04.30"]
[Round "3.142"]
[White "Eshwar, Ananya"]
[Black "Keenan, Isaac"]
[Result "0-1"]
[WhiteElo "902"]
[BlackElo "1180"]
[PlyCount "116"]
[EventDate "2020.04.30"]
[WhiteTeam "Uxbridge Juniors Girls"]
[BlackTeam "Robin Hoods 5"]

1. d4 d5 2. Bf4 g6 3. e3 Nf6 4. Nf3 Bg7 5. h3 O-O 6. Bd3 Be6 7. O-O Nbd7 8. Ng5
h6 9. Nxe6 fxe6 10. Nd2 Nh5 11. Bh2 e5 12. Nf3 e4 13. Be2 exf3 14. Bxf3 e5 15.
Bxd5+ Kh8 16. Bf3 Qe8 17. Bxh5 gxh5 18. f4 e4 19. c4 a6 20. Bg3 b5 21. cxb5
axb5 22. Be1 c5 23. dxc5 Nxc5 24. Qd5 Nd3 25. Rd1 Nxb2 26. Rd2 Rd8 27. Qb3 Rxd2
28. Bxd2 Qd7 29. Bb4 Rd8 30. Be1 Nd3 31. f5 Nxe1 32. Rxe1 h4 33. Rf1 Qd2 34. f6
Bf8 35. f7 Rd3 36. Qxb5 Qxe3+ 37. Rf2 Rd1+ 38. Qf1 Rxf1+ 39. Kxf1 Kg7 40. Re2
Qc1+ 41. Re1 Qc4+ 42. Re2 Kxf7 43. Ke1 Qc1+ 44. Kf2 Qc5+ 45. Re3 Kf6 46. Ke2
Qb5+ 47. Kf2 Qc5 48. Ke2 Kf5 49. Kd2 Kf4 50. Rc3 Qb4 51. Kc2 Bg7 52. Rb3 Qc4+
53. Rc3 Qxc3+ 54. Kd1 Qb2 55. Ke1 Kg3 56. Kd1 Kxg2 57. Ke1 Kf3 58. Kf1 Qf2# 0-1

[Event "Junior Online 4NCL Division 5"]
[Site "online"]
[Date "2020.04.30"]
[Round "3.143"]
[White "Babu, Guhan"]
[Black "Siddiqui, Zainab"]
[Result "0-1"]
[WhiteElo "1105"]
[BlackElo "820"]
[PlyCount "142"]
[EventDate "2020.04.30"]
[WhiteTeam "Robin Hoods 5"]
[BlackTeam "Uxbridge Juniors Girls"]

1. e4 e5 2. Nf3 Nf6 3. Nc3 Bc5 4. Bc4 Nc6 5. d3 a6 6. Bg5 b5 7. Bb3 h6 8. Bxf6
Qxf6 9. Nd5 Qd6 10. c3 O-O 11. Nh4 b4 12. Nf5 Qg6 13. Nde7+ Bxe7 14. Nxe7+ Nxe7
15. O-O d6 16. d4 Bh3 17. Qf3 Bg4 18. Qg3 Bh5 19. Qd3 bxc3 20. bxc3 c5 21. d5
Rac8 22. c4 Qg5 23. Bd1 Ng6 24. Bxh5 Nf4 25. Qf3 Nxh5 26. g4 Nf4 27. Qa3 Qxg4+
28. Qg3 Nh3+ 29. Kh1 Qxe4+ 30. f3 Qf5 31. Kg2 Nf4+ 32. Kh1 Ne2 33. Qe1 Nf4 34.
Rg1 g6 35. Qg3 Ne2 36. Qe1 Nxg1 37. Qxg1 Qxf3+ 38. Qg2 Qc3 39. Rg1 Rb8 40. h4
h5 41. Qg5 Qf3+ 42. Qg2 Qf4 43. Qg5 Qf3+ 44. Qg2 Qf4 45. Qg5 Qe4+ 46. Qg2 Qxc4
47. Qg5 Qxd5+ 48. Qg2 Qe6 49. Qh2 c4 50. Qg2 c3 51. Qh2 Rb2 52. Qg3 Qd5+ 53.
Qg2 Rxg2 54. Rxg2 Rb8 55. Kh2 f5 56. Rxg6+ Kh7 57. Rg5 Rb2+ 58. Kh3 Qh1+ 59.
Kg3 Rg2+ 60. Kf3 e4+ 61. Kf4 Qxh4+ 62. Rg4 Qxg4+ 63. Ke3 Qe2+ 64. Kd4 c2 65.
Kd5 c1=Q 66. Kxd6 Qed2+ 67. Ke6 Qc6+ 68. Kxf5 e3 69. a3 Rf2+ 70. Kg5 Qg6+ 71.
Kh4 Rh2# 0-1

[Event "Junior Online 4NCL Division 5"]
[Site "online"]
[Date "2020.04.30"]
[Round "3.144"]
[White "Vijayakumar, Mrinali"]
[Black "Ying, Alexander"]
[Result "0-1"]
[WhiteElo "790"]
[BlackElo "1097"]
[PlyCount "42"]
[EventDate "2020.04.30"]
[WhiteTeam "Uxbridge Juniors Girls"]
[BlackTeam "Robin Hoods 5"]

1. e4 e5 2. Bc4 Nc6 3. d3 Bc5 4. Nf3 Nf6 5. Nc3 d6 6. O-O O-O 7. a4 Bd7 8. b3
Bb4 9. Nb5 Nd4 10. Ng5 Nxb5 11. Bxb5 Bxb5 12. axb5 Bc3 13. Be3 Bxa1 14. Qxa1
Ng4 15. Bxa7 Rxa7 16. Qxa7 Qxg5 17. Rd1 Qf4 18. g3 Qg5 19. Qxb7 Qf6 20. Qxc7
Qxf2+ 21. Kh1 Qxh2# 0-1

[Event "Junior Online 4NCL Division 5"]
[Site "online"]
[Date "2020.04.30"]
[Round "3.145"]
[White "Cepoi, Gesneria"]
[Black "Wang, Nathaniel"]
[Result "0-1"]
[WhiteElo "1075"]
[BlackElo "1202"]
[PlyCount "87"]
[EventDate "2020.04.30"]
[WhiteTeam "Uxbridge Juniors Girls"]
[BlackTeam "Robin Hoods 5"]

1. e4 c5 2. d3 d6 3. Nf3 Nf6 4. Be2 Nc6 5. c3 e5 6. O-O Be7 7. Be3 O-O 8. d4
Re8 9. dxe5 dxe5 10. Nbd2 b6 11. Bc4 Bb7 12. Qb3 Rf8 13. Bxf7+ Rxf7 14. Rad1
Na5 15. Qc2 Rc8 16. Nc4 Qc7 17. Ncxe5 Rff8 18. a3 Bxe4 19. Qd2 Rfd8 20. Qe2
Rxd1 21. Qxd1 Rd8 22. Bd2 Bd6 23. b4 cxb4 24. axb4 Nc4 25. Qc1 Nxe5 26. Nxe5
Bxe5 27. f3 Bxh2+ 28. Kh1 Bd3 29. Rd1 Rd5 30. Qb2 Rh5 31. Qb3+ Kf8 32. Be1 Bg3+
33. Kg1 Bxe1 34. Rxe1 Qh2+ 35. Kf2 Qh4+ 36. g3 Qh2+ 37. Ke3 Re5+ 38. Kxd3 Rxe1
39. Qc2 Qxg3 40. Qd2 Qxf3+ 41. Kc2 Re2 42. Kd1 Rxd2+ 43. Kxd2 Ne4+ 44. Kc2 0-1

[Event "Junior Online 4NCL Division 5"]
[Site "online"]
[Date "2020.04.30"]
[Round "3.146"]
[White "Keenan, Isaac"]
[Black "Eshwar, Ananya"]
[Result "0-1"]
[WhiteElo "1180"]
[BlackElo "902"]
[PlyCount "124"]
[EventDate "2020.04.30"]
[WhiteTeam "Robin Hoods 5"]
[BlackTeam "Uxbridge Juniors Girls"]

1. d4 d5 2. Nf3 Bf5 3. Bf4 Nf6 4. e3 Nc6 5. c3 e6 6. Bd3 Bxd3 7. Qxd3 Bd6 8.
Bg3 Bxg3 9. hxg3 O-O 10. Nbd2 h6 11. O-O-O a6 12. a3 b5 13. Nb3 Re8 14. Nc5 e5
15. Nb7 e4 16. Nxd8 Raxd8 17. Qe2 exf3 18. gxf3 Na5 19. b4 Nc6 20. Qd3 a5 21.
bxa5 Nxa5 22. Qxb5 Nc4 23. e4 Nxa3 24. Qb3 Ra8 25. e5 Nd7 26. Rd2 Nc4 27. Ra2
Rxa2 28. Qxa2 Ncb6 29. Qa7 Rc8 30. Qa6 Ra8 31. Qb7 Ra1+ 32. Kd2 Rxh1 33. Qc8+
Nxc8 34. f4 Ra1 35. f5 Ra2+ 36. Kd3 Ra1 37. e6 fxe6 38. fxe6 Nf6 39. Ke3 Re1+
40. Kf4 Rxe6 41. Kf5 Rc6 42. Ke5 Ne8 43. Kxd5 Rxc3 44. Ke6 Nf6 45. d5 Rc2 46.
f4 Re2+ 47. Kf5 Nxd5 48. Kg4 Ne3+ 49. Kf3 Re1 50. Kf2 Nc2 51. Kg2 Re2+ 52. Kf3
Re6 53. f5 Re3+ 54. Kf4 Ne7 55. g4 g6 56. g5 Nd5+ 57. Kg4 gxf5+ 58. Kh5 hxg5
59. Kg6 f4 60. Kf5 f3 61. Kg4 f2 62. Kxg5 f1=Q 0-1

[Event "Junior Online 4NCL Division 5"]
[Site "online"]
[Date "2020.04.30"]
[Round "3.147"]
[White "Siddiqui, Zainab"]
[Black "Babu, Guhan"]
[Result "1/2-1/2"]
[WhiteElo "820"]
[BlackElo "1105"]
[PlyCount "153"]
[EventDate "2020.04.30"]
[WhiteTeam "Uxbridge Juniors Girls"]
[BlackTeam "Robin Hoods 5"]

1. e4 c5 2. Bc4 Nf6 3. d3 e5 4. Nf3 Nc6 5. O-O g6 6. Ng5 d5 7. Bb5 d4 8. Bc4
Be6 9. Bxe6 fxe6 10. Nxe6 Qe7 11. Nxf8 Qxf8 12. c3 O-O-O 13. Na3 h5 14. Nb5 Ng4
15. f3 Ne3 16. Bxe3 dxe3 17. Qe1 Qf4 18. g3 Qg5 19. h4 Qh6 20. Kh2 Rxd3 21. Rd1
Rxd1 22. Qxd1 Rd8 23. Nd6+ Kb8 24. Qd5 g5 25. Qxc5 Rxd6 26. Qxe3 gxh4 27. Qxh6
Rxh6 28. gxh4 Rf6 29. b3 Rd6 30. c4 Rd2+ 31. Kh3 Nd4 32. Rg1 Nxf3 33. Rg8+ Kc7
34. Rg7+ Kd6 35. Rg6+ Ke7 36. Rg7+ Kf6 37. Kg3 Rd3 38. Rxb7 Ng5+ 39. Kg2 Rd2+
40. Kg3 Nxe4+ 41. Kf3 Nf2 42. Ke3 Ne4 43. Kxe4 Re2+ 44. Kd3 Rh2 45. Rxa7 Rh3+
46. Ke4 Rxh4+ 47. Kd5 Rd4+ 48. Kc5 h4 49. Ra6+ Kf5 50. Ra8 Rd7 51. Rf8+ Ke6 52.
Re8+ Re7 53. Rh8 Rc7+ 54. Kb6 Rd7 55. Rxh4 Rd6+ 56. Kc5 Ra6 57. Rh6+ Kf5 58.
Rxa6 e4 59. Ra8 Kf4 60. Rf8+ Ke5 61. Re8+ Kf4 62. Kd5 e3 63. Rf8+ Kg3 64. Ke4
Kg2 65. Rg8+ Kf2 66. Rf8+ Ke2 67. Rf3 Kd2 68. Rxe3 Kc2 69. c5 Kb2 70. Re2+ Ka3
71. c6 Kb4 72. c7 Ka3 73. c8=Q Kb4 74. Rc2 Ka3 75. b4 Ka4 76. Qa8+ Kxb4 77. Qa6
1/2-1/2

[Event "Junior Online 4NCL Division 5"]
[Site "online"]
[Date "2020.04.30"]
[Round "3.148"]
[White "Ying, Alexander"]
[Black "Vijayakumar, Mrinali"]
[Result "0-1"]
[WhiteElo "1097"]
[BlackElo "790"]
[PlyCount "34"]
[EventDate "2020.04.30"]
[WhiteTeam "Robin Hoods 5"]
[BlackTeam "Uxbridge Juniors Girls"]

1. e4 Nf6 2. Nc3 Nc6 3. Nf3 e5 4. Bc4 b5 5. Bxb5 Nb4 6. O-O Bc5 7. Nxe5 O-O 8.
d4 Bb6 9. a3 Nxe4 10. Nxe4 Re8 11. axb4 d5 12. Nc3 Qh4 13. Bxe8 Bxd4 14. g3 Qh3
15. Qxd4 Ba6 16. Bxf7+ Kf8 17. Qf4 Qxf1# 0-1

[Event "Junior Online 4NCL Division 5"]
[Site "online"]
[Date "2020.04.30"]
[Round "3.151"]
[White "Kulkarni, Arnav"]
[Black "Rajesh, Shradha"]
[Result "1/2-1/2"]
[WhiteElo "1070"]
[BlackElo "1240"]
[PlyCount "96"]
[EventDate "2020.04.30"]
[WhiteTeam "St John's College C"]
[BlackTeam "Harrow Juniors E"]

1. e4 c5 2. Nf3 e6 3. Nc3 Nc6 4. d3 d5 5. exd5 exd5 6. d4 cxd4 7. Nxd4 Nxd4 8.
Qxd4 Nf6 9. Bb5+ Bd7 10. Bxd7+ Qxd7 11. O-O Bd6 12. Bg5 Be7 13. Bxf6 Bxf6 14.
Qxd5 Qxd5 15. Nxd5 O-O 16. Nxf6+ gxf6 17. Rad1 Rac8 18. c3 Rfe8 19. Rd7 Rb8 20.
Rd6 Re6 21. Rxe6 fxe6 22. Re1 e5 23. Re4 Rd8 24. h3 Rd2 25. Rg4+ Kf7 26. Rb4
Rd1+ 27. Kh2 Rd2 28. Rxb7+ Kg6 29. Kg3 a5 30. a4 h5 31. b4 Rb2 32. h4 f5 33. f4
exf4+ 34. Kxf4 Rxg2 35. bxa5 Rg4+ 36. Kf3 Rxa4 37. Rb6+ Kf7 38. Rb5 Ke6 39. c4
Kd6 40. Kf4 Kc6 41. Kxf5 Rxc4 42. Re5 Rxh4 43. Kg5 Rh1 44. Kg6 Kd6 45. Rg5 Kc6
46. a6 Kb6 47. Rxh5 Rxh5 48. Kxh5 Kxa6 1/2-1/2

[Event "Junior Online 4NCL Division 5"]
[Site "online"]
[Date "2020.04.30"]
[Round "3.152"]
[White "Cann, Arthur"]
[Black "Baranidharan, Kritthik"]
[Result "1/2-1/2"]
[WhiteElo "1240"]
[BlackElo "1040"]
[PlyCount "51"]
[EventDate "2020.04.30"]
[WhiteTeam "Harrow Juniors E"]
[BlackTeam "St John's College C"]

1. e4 e5 2. Nf3 Nc6 3. Bb5 d6 4. Bxc6+ bxc6 5. d4 Bg4 6. dxe5 dxe5 7. Qxd8+
Rxd8 8. O-O Bxf3 9. gxf3 Nf6 10. Bg5 Be7 11. Bxf6 Bxf6 12. Nc3 O-O 13. Rad1 Rb8
14. Rd7 Rxb2 15. Rxc7 Rxc2 16. Rxc6 Rd8 17. Rc7 h6 18. Nd5 Rxc7 19. Nxc7 Rc8
20. Rc1 Bg5 21. Rc5 Bd8 22. Na6 Rxc5 23. Nxc5 Bb6 24. Nd7 Bd4 25. Nb8 Bc3 26.
Nc6 1/2-1/2

[Event "Junior Online 4NCL Division 5"]
[Site "online"]
[Date "2020.04.30"]
[Round "3.153"]
[White "Singh, Ayush"]
[Black "Pipalia, Rishi"]
[Result "1-0"]
[WhiteElo "901"]
[BlackElo "1105"]
[PlyCount "30"]
[EventDate "2020.04.30"]
[WhiteTeam "St John's College C"]
[BlackTeam "Harrow Juniors E"]

1. e4 e5 2. Nf3 Nc6 3. Nc3 Nf6 4. d4 exd4 5. Nxd4 Nxd4 6. Qxd4 h6 7. e5 Qe7 8.
Be2 Nh7 9. O-O b6 10. Bf3 Rb8 11. Be4 g6 12. f4 Bg7 13. f5 g5 14. f6 Nxf6 15.
exf6 Bxf6 1-0